Statistics for European Cup/Champions League winning players from former Yugoslavia

Click here to take the quiz!

General Stats

  • This quiz has been taken 120 times
    (36 since last reset)
  • The average score is 15 of 37

Answer Stats

YearPlayer% Correct
2014,2016,2017,2018,2022Luka Modrić
97%
2013Mario Mandžukić
83%
2016,2017,2018,2021Mateo Kovačić
83%
2015Ivan Rakitić
80%
1998Davor Šuker
77%
2010Dejan Stanković
74%
2019Dejan Lovren
69%
2012Branislav Ivanović
66%
2020Ivan Perišić
66%
2008Nemanja Vidić
66%
2022Luka Jović
60%
1994Zvonimir Boban
57%
2010Goran Pandev
54%
1991Robert Prosinečki
51%
1998Predrag Mijatović
49%
1991,1994Dejan Savićević
40%
1991Siniša Mihajlović
40%
2003,2007Dario Šimić
34%
1991Darko Pančev
34%
1993Alen Bokšić
31%
2005Igor Bišćan
26%
2001Hasan Salihamidžić
23%
1991Dragiša Binić
20%
2000Elvir Baljić
20%
1991Stevan Stojanović
20%
1991,1996Vladimir Jugović
20%
1991Ilija Najdoski
17%
2000Perica Ognjenović
17%
1991Refik Šabanadžović
17%
1971Velibor Vasović
17%
1991Milić Jovanović
14%
1991Vladan Lukić
14%
1991Rade Tošić
11%
1991Slobodan Marović
11%
1991Vlada Stošić
11%
2010Rene Krhin
6%
1991Ivica Momčilović
3%

Score Distribution

Percentile by Number Answered

Percent of People with Each Score

Your Score History

You have not taken this quiz since the last reset